Programa d'higiene i seguretat a les platges / [direcció i text: Llum Llosa] Llum Llosa]
Publicado:
[Barcelona] :
Diputació de Barcelona, Xarxa de Municipis, Àrea de Salut Pública i Consum ,
2003
Descripción Física:
53 p. : il. col. ; 24 cm
MARC
| LEADER | 00000nam a2200000Ia 4500 | ||
|---|---|---|---|
| 001 | 15404 | ||
| 008 | 160829s2003 xx 000 0 cat d | ||
| 080 | |a C-2-310 | ||
| 100 | |a Llosa, Llum |9 32245 | ||
| 245 | |a Programa d'higiene i seguretat a les platges / [direcció i text: |b Llum Llosa] | ||
| 260 | |a [Barcelona] : |b Diputació de Barcelona, Xarxa de Municipis, Àrea de Salut Pública i Consum, |c 2003 | ||
| 300 | |a 53 p. : |b il. col. ; |c 24 cm | ||
| 590 | |a Exemplar en castellà: R. 16796, C-2-367 | ||
| 650 | |a Programa d'Higiene i Seguretat a les Platges |9 32246 | ||
| 650 | |a Platges |x Aspectes higiènics |9 32247 | ||
| 650 | 0 | |a Platges |x Mesures de seguretat |9 45228 | |
| 650 | |a Seguretat ciutadana |x Barcelona (Província) |9 32249 | ||
| 710 | |a Barcelona (Catalunya : Província). |b Àrea de Salut Pública i Consum |9 7348 | ||
| 901 | |a Arxiu | ||
| 942 | |n 1 | ||
| 952 | |0 0 |1 0 |4 0 |6 C2310 |7 1 |9 45918 |a Arxiu |b Arxiu |d 2016-12-01 |l 0 |o C-2-310 |p 15404 |r 2016-12-01 00:00:00 |w 2016-12-01 |y ARXIU | ||
| 999 | |c 49419 |d 49419 | ||